000 00545cam2a220020500 4500
001 tmp15951094
003 UPRA
005 20190830111042.0
008 951115s1991 xx eng u
035 _a(Sirsi) r27064
035 _a(UPRA)tmp15951094
040 _cUPRA
100 1 _aKobre, K.
_6A90996.1
245 1 0 _aPhoto journalism :
_bthe professional's approach.
250 _a2nd ed.
260 _c1991.
949 _aTR820
_wlcc
_i-28203
_mMAIN
_tBOOK
_lON-SHELF
949 _aTR820
_wlcc
_i-28204
_mMAIN
_tBOOK
_lON-SHELF
004 27064
999 _c188910
_d188909